LEADER 01467nam a2200301 u 4500 001 000000027194 003 CaOOAMICUS 005 20070226111648.0 008 960116s1994 it ab u000 u ita u 035 $a10705052 040 $aPUL$bita 100 1 $aAnati, Emmanuel,$d1930-$0(OLS)http://pul/name/2076 240 10$aHar Harkom in the light of new discoveries.$lItalian.$0(OLS)http://pul/title/37277 245 10$aSpedizione Sinai :$bnuove scoperte ad Har Karkom /$cEmmanuel Anati. 250 $aPrima edizione italiana, riveduta e corretta. 260 $aCapo di Ponte :$bCentro Camuno di Studi Preistorici,$cc1994. 300 $a112 p. :$bill., maps ;$c24 cm 490 1 $aStudi camuni ;$vv. 11 504 $aBibliography: p. 110-111. 650 0$aExcavations (Archaeology)$zIsrael$zHar Karkom.$2//eng$0(OLS)http://pul/subject/15792 651 0$aHar Karkom (Israel)$xAntiquities.$2//eng$0(OLS)http://pul/subject/15793 710 2 $aCentro camuno di studi preistorici.$0(OLS)http://pul/name/22298 830 0$aStudi camuni ;$vv. 11.$0(OLS)http://pul/title/37279 850 $aPUL 852 $aPUL$W1$xDP1 Cons. Gen., Altre Classi 1$y22$m141 F 91$j37880$nBK-PRI$b $qStampati$B37880$CPULBib$Z2$F37880 $HPUL79631 $81 941 1 $a8 996 $6245$aSpedizione Sinai :$bnuove scoperte ad Har Karkom$9(OLS)http://pul/title/37278 996 $6260$aCapo di Ponte :$bCentro Camuno di Studi Preistorici$9(OLS)http://pul/publisher/59629 LEADER 01173nam a2200313 a 4500 001 000000133894 003 CaOOAMICUS 005 20130510115051.0 008 130510s2006 it u001 0 ita r 020 $a88-389-2174-1 040 $aPUL$bita 100 1 $aMotta, Mario,$d1923-$0(OLS)http://pul/name/86270 245 10$aKelsen e il Leviatano /$cMario Motta. 260 $aPalermo :$bSellerio,$cİ2006. 300 $a247 p. ;$c22 cm 490 1 $aLa diagonale ;$v121 504 $aBibliografia in nota. 600 14$aKelsen, Hans,$d1881-1973.$0(OLS)http://pul/subject/12544 650 4$aFilosofia del diritto.$0(OLS)http://pul/subject/620 830 3$aLa diagonale ;$v121.$0(OLS)http://pul/title/157329 850 $aPUL 852 $aPUL$W1$xDP1 Fondo E. Rossi$y115$m1 M 35$j153928$qFondi$B153502$CPULBib$Z2$F153502 $82 941 1 $a1 960 $aDiritto$xFilosofia$9620 961 $aSul dorso collocazione ms. di E. Rossi: M 31 6 996 $6020$a88-389-2174-1$9(OLS)http://pul/number/152681 996 $6245$aKelsen e il Leviatano$9(OLS)http://pul/title/169260 996 $6260$aPalermo :$bSellerio$9(OLS)http://pul/publisher/66919